Psychological warfare (Record no. 395392)

MARC details
000 -LEADER
fixed length control field 00512 a2200193 4500
005 - DATE & TIME
control field 20260116160832.0
008 - FIXED-LENGTH DATA ELEMENTS--GENERAL INFORMATION
fixed length control field 260116b |||||||| |||| 00| 0 eng d
020 ## - ISBN
International Standard Book Number 9789395522281
Price Rs. 1790.00
040 ## - CATALOGING SOURCE
Original cataloging agency VIVEKANANDA LIBRARY
082 ## - DDC NUMBER
Classification number 355.4
Book Number L645P
100 ## - MAIN ENTRY--PERSONAL NAME
Personal name Linebarger, Paul M A
245 ## - TITLE STATEMENT
Title Psychological warfare
260 ## - PUBLICATION, DISTRIBUTION, ETC. (IMPRINT)
Name of publisher, distributor, etc Highlyy Publishing
Date of publication, distribution, etc 2024
Place of publication, distribution, etc New Delhi
300 ## - PHYSICAL DESCRIPTION
Pages ix, 298
650 ## - Subject
Subject Military Science
650 ## - Subject
Subject Military Strategy
650 ## - Subject
Subject Psychologicl Techiques
942 ## - ADDED ENTRY ELEMENTS (KOHA)
Koha item type Books
Holdings
Withdrawn status Lost status Source of classification or shelving scheme Damaged status Not for loan Location (home branch) Sublocation or collection (holding branch) Shelving location Date acquired Koha issues (times borrowed) Koha full call number Accession No. Koha date last seen Koha item type
    Dewey Decimal Classification     VIVEKANANDA LIBRARY VIVEKANANDA LIBRARY Vivekananda Library 23/12/2025 1 355.4 L645P 443796 30/03/2026 Books
© Designed and Maintained by Vivekananda Library, MDU Rohtak